Νίκος Κεσσανλής
Αποθηκεύτηκε σε:
| Κύριος συγγραφέας: | |
|---|---|
| Μορφή: | Βιβλίο |
| Γλώσσα: | Greek |
| Δημοσίευση: |
[Αθήνα] :
Τα Νέα,
[2008;]
|
| Σειρά: | Σύγχρονοι Έλληνες εικαστικοί ;
8 |
| Θέματα: | |
| Ετικέτες: |
Προσθήκη ετικέτας
Δεν υπάρχουν, Καταχωρήστε ετικέτα πρώτοι!
|
MARC
| LEADER | 00000cam a2200000 i 4500 | ||
|---|---|---|---|
| 001 | 1/102803 | ||
| 008 | 090316s2008 gr | ||| |||| ||gre|| | ||
| 020 | |a 9789604693849 | ||
| 035 | |l 10103805 | ||
| 040 | |a GR-MyUa |b gre |e AACR2 | ||
| 041 | 0 | |a gre | |
| 082 | 7 | |a 700.92 |2 (22) | |
| 100 | 1 | |a Μουτσόπουλος, Θανάσης. | |
| 245 | 1 | 0 | |a Νίκος Κεσσανλής / |c Θανάσης Μουτσόπουλος. |
| 260 | |a [Αθήνα] : |b Τα Νέα, |c [2008;] | ||
| 300 | |a 142 σ. : |b εικ. ; |c 25 εκ. | ||
| 490 | 1 | |a (Σύγχρονοι Έλληνες εικαστικοί ; |v 8) | |
| 504 | |a Βιβλιογραφία: σ. [145] | ||
| 600 | 1 | 0 | |a Κεσσανλής, Νίκος, |d 1930-2004. |
| 650 | 0 | |a Artists |z Greece |y 20th century |x Biography. | |
| 830 | 0 | |a Σύγχρονοι Έλληνες εικαστικοί ; |v 8 | |
| 852 | |a INST |b LESVOS |e 20190716 |h 700.92 ΜΟΥ |p 005100061842 |q 005100061842 |t BK |y 0 | ||
| 852 | |a INST |b SYROS |e 20090316 |h 700.92 ΚΕΣ |p 005500008588 |q 005500008588 |t BK |y 0 | ||
| 901 | |a BIBL5-2009-1 | ||
| 922 | |a 5ΕΛΗ |b 200901 |c Βιβλιοθήκη Σύρου |d Πρίντεζη Άννα | ||
| 970 | |a Κοντού |b Παρασκευή |z 16/03/2009 | ||